000
00217nam a2200097Ia 4500
008
230605s9999 xx 000 0 und d
041
_a
eng
100
_a
Lobo
245
_a
Fruit and Vegetable Carving
650
_a
F. P.
999
_c
417034
_d
417034